Disneyfilme nach Bildern - Klickquiz - Statistiken

Allgemein
  • Dieses Quiz wurde 35.180 mal gespielt
  • Das Durchschnittsergebnis liegt bei 18 aus 20
Antwortstatistiken
Hint Antwort % Korrekt
101 Dalmatiner
97%
Aladdin
97%
Bambi
97%
Das Dschungelbuch
97%
Die Eiskönigin
97%
Der König der Löwen
97%
Die Schöne und das Biest
97%
Arielle, die Meerjungfrau
96%
Pinocchio
96%
Rapunzel – Neu verföhnt
96%
Dumbo
95%
Hercules
94%
Cinderella
93%
Susi und Strolch
93%
Vaiana
91%
Peter Pan
90%
Mulan
87%
Encanto
83%
Pocahontas
79%
Küss den Frosch
76%
Keine übereinstimmenden Quizze gefunden
Verteilung der Resultate
Anzahl Personen mit jedem Resultat
Perzentil nach korrekt beantworteten Fragen
Ihre Resultats-Entwicklung
Sie haben dieses Quiz noch nicht gespielt